00326nam a2200133Ia 4500008004100000041000800041082001600049100002600065245002100091260003900112300001600151365000700167650001800174210719s1928 xx 000 0 und d aeng a820.22 TAGC aTAGORE (Rabindranath) aCycle of spring. aLondonbMacmillan & Co. Ltd.c1928 avii,134bHB cRs aEnglish Drama